Statistiques concernant Les pays avec le plus de milliardaires

Cliquez ici pour prendre le quiz!

Statistiques générales

  • Ce quiz a été pris 33 344 fois
    (22 405 depuis la dernière actualisation)
  • Le résultat moyen est 16 sur 21

Statistiques - réponses

pays% Correct
748Etats-Unis
100%
43France
99%
633Chine
98%
120Russie
95%
136Allemagne
92%
28Espagne
92%
46Japon
92%
59Canada
90%
56Royaume-Uni
90%
56Brésil
88%
147Inde
88%
50Italie
88%
46Australie
82%
40Suisse
82%
43Corée du Sud
70%
40Suède
66%
23Turquie
49%
29Singapour
41%
30Thaïlande
36%
45Taïwan
34%
28Israël
28%

Distribution des résultats

Percentile par nombre de réponses

% des personnes avec chaque résultat

Votre développement - résultats

Vous n’avez pas pris ce quiz depuis la dernière actualisation